[Event "USA-ch"]
[Site "Seattle"]
[Date "2002.01.13"]
[Round "9"]
[White "Shabalov, Alexander"]
[Black "Serper, Grigory"]
[Result "1-0"]
[WhiteElo "2606"]
[BlackElo "2558"]
[Annotator "Ribli,Z"]
[PlyCount "83"]
[EventDate "2002.01.05"]
[EventType "swiss"]
[EventRounds "9"]
[EventCountry "USA"]
[SourceTitle "CBM 087"]
[Source "ChessBase"]
[SourceDate "2002.03.21"]
[SourceVersion "1"]
[SourceVersionDate "2002.03.21"]
[SourceQuality "1"]

1. d4 Nf6 2. c4 e6 3. Nf3 d5 4. Nc3 Bb4 5. cxd5 exd5 6. Bg5 h6 7. Bh4 g5 8. Bg3
Ne4 9. Nd2 {Das ist im Prinzip ein Bauernopfer, aber Weiß muss hier so spielen.
} (9. Rc1 $2 h5 $36 {[%csl Rg3][%cal Gh5h4]}) 9... Nxg3 {Das ist die bessere
Wahl für Schwarz - dadurch verschafft er sich das Läuferrpaar.} (9... Nxc3 10.
bxc3 Bxc3 11. Rc1 {Weiß hat Kompensation für den Bauern - er hat
Entwicklungsvorteil, und die schwarze Stellung ist geschwächt.} Ba5 (11... Bb2
12. Rxc7 (12. Bxc7 Qd7 13. Be5 Bxc1 14. Bxh8 $13) 12... Na6 13. Rc2 Bxd4 14. e3
(14. h4 Bf5 15. Nb3 Bxc2 16. Qxd4 Rg8 17. hxg5 hxg5 18. Nd2 Qb6 19. Qe5+ Kf8 {
0-1 Yermolinsky,A-Serper,G/Salt Lake City 1999/CBM 73 (29)}) 14... Bg7 15. Bxa6
bxa6 16. O-O $44 {Epishin,V-Sosonko,G/Ter Apel/1992/ Epishin,V-Sosonko,G/Ter
Apel/1992/0,5/40/}) 12. h4 g4 13. e3 Bf5 (13... Nc6 $6 14. Bb5 Bd7 15. Rc5 $1 {
1-0 Khalifman,A-Serper,G/St Petersburg 1994/CBM 43 ext/[Khalifman] (31)}) 14.
Be2 Rg8 15. O-O c6 16. Nb3 {1-0 Naumkin,I-Zemerov,V/Genova ITA 2001/(25)}) 10.
hxg3 c5 {Schwarz möchte die Stellung öffnen - das ist angesichts des
Läuferpaars verständlich. Auf der anderen Seite schwächt er dadurch seine
Bauernstruktur.} (10... c6) 11. dxc5 Nc6 12. e4 (12. e3 d4 13. exd4 Qxd4 14.
Be2 Be6 15. Nb3 Bxc3+ (15... Qxd1+ 16. Rxd1 Bxb3 17. axb3 Bxc5 $11) 16. bxc3
Qxc3+ 17. Qd2 Qxd2+ 18. Kxd2 Bd5 19. Rh2 Kf8 {1/2-1/2 Gurevich,D-Serper,G/
Seattle 2000/CBM 80_02 (24)}) 12... Be6 (12... Bxc3 13. bxc3 Qe7 14. Qe2 Be6
15. exd5 Bxd5 16. Qxe7+ Nxe7 17. Bb5+ Kf8 18. O-O Rc8 19. c4 Be6 20. Ne4 {
1-0 Polugaevsky,L-Sosonko,G/Tilburg 1983/MCD (29)}) (12... d4 13. Nd5 Bxc5 14.
Rc1 $14) 13. exd5 Bxd5 14. Qe2+ Kf8 (14... Be6 15. Nde4 $14) 15. Nc4 (15. Qe3
Qa5 $36) 15... Nd4 $13 {[%mdl 2048] Schwarz hat einige positionelle Schwächen,
dafür aber auch aktives Figurenspiel. Beide Seiten haben Probleme bei der
Platzierung des Königs.} 16. Qd2 Bxc4 (16... Qe7+ 17. Ne3 $16) 17. Bxc4 Qe7+
18. Kf1 Qxc5 {[%csl Gd4] Schwarz hat gutes Figurenspiel und eine bequeme
Stellung. In der Folge kann er mit Kg7 seine Königsstellung verbessern - der
weiße König hingegen steht nicht so gut auf f1.} (18... Rd8) 19. Bd3 Rc8 (19...
Rd8) (19... Bxc3 20. bxc3 Nc6 $11) 20. Rc1 Kg7 21. Kg1 {[%cal Gg1h2]} Rhd8 $15
{[%cal Gd8d2]} 22. Kh2 Qd6 (22... Nb5 23. Qe2 $132 {[%cal Re2e4,Rd3h7]}) 23.
Rhd1 Qf6 24. Qe3 {[%cal Re3e4,Rd3h7] Weiß möchte mit Qe4 fortsetzen.} Bxc3 25.
bxc3 {Schwarz hat die bessere Bauernstruktur, aber Weiß bekommt Spiel gegen
den schwarzen König.} Nc6 26. Qe4 Ne5 (26... Rh8) 27. Qh7+ Kf8 28. Be2 b6 (
28... Rxd1 $5 29. Rxd1 (29. Bxd1 $15) 29... Rxc3 30. Rd8+ Ke7 $15 (30... Qxd8
31. Qh8+ Ke7 32. Qxe5+ {[%cal Re5e7,Re5c3]})) 29. Bh5 Rxd1 30. Rxd1 Re8 (30...
Rxc3 $5 31. Rd8+ Qxd8 (31... Ke7 32. Qg8 Qxf2 33. Qe8+ Kf6 34. Rd6+ Kf5 35.
Bg6+ fxg6 (35... Nxg6 36. Qxf7+ $18) 36. Qe6+ (36. Qf8+ Ke4 37. Qxf2 Ng4+ $19 {
[%cal Rg4f2,Rg4h2]}) 36... Ke4 37. Qd5+ Kf5 $11) 32. Qh8+ Ke7 33. Qxe5+ $18 {
[%cal Re5e7,Re5c3]}) 31. Rd4 $13 {[%csl Gd4][%cal Gf2f4]} Re6 32. f3 Rd6 33. f4
(33. Rxd6 Qxd6 34. Qh8+ Ke7 $15) 33... gxf4 (33... Rxd4 $2 34. fxe5 $1 (34.
cxd4 Nc6 $11 (34... gxf4 35. dxe5 fxg3+ 36. Kh3 $18)) 34... Rh4+ 35. Kg1 $18)
34. Rxf4 Qg7 35. Qe4 {[%cal Ge4a8,Ga8f8]} (35. Qxg7+ $6 Kxg7 $15) 35... Rd8 (
35... Qg5 $4 36. Rf5 $18) 36. Qb7 {[%csl Gb7]} Rd7 37. Qb8+ Ke7 {[#]} 38. Bxf7
$1 {[%mdl 64]} Ng4+ $2 (38... Nxf7 39. Re4+ Ne5 (39... Kf6 40. Qf4+ Kg6 41.
Qg4+ Ng5 42. Re6+ Kh7 (42... Kf7 43. Qf5+ $18) 43. Qf5+ $18) 40. Rxe5+ $16) (
38... Rd3 $5 39. Qxa7+ (39. Qe8+ Kd6 40. Qe6+ Kc7 41. Rc4+ Nxc4 42. Qxc4+ Kb8
43. Qxd3 Qxf7 $14) 39... Nd7 40. g4 Qe5 41. Qa4 Nf6 42. Bh5 Rxc3 $14) 39. Kh3
$16 Nf6 40. Be8 $1 Rd5 (40... Nxe8 41. Re4+ Kf6 42. Qxe8 $18) 41. Qb7+ Kf8 42.
Qxd5 $18 1-0

[Event "Solin 13th"]
[Site "Solin"]
[Date "2005.12.14"]
[Round "7"]
[White "Jovanic, Ognjen"]
[Black "Kovacevic, Vlatko"]
[Result "1-0"]
[WhiteElo "2469"]
[BlackElo "2512"]
[Annotator "Ribli,Z"]
[PlyCount "165"]
[EventDate "2005.12.09"]
[EventType "tourn"]
[EventRounds "11"]
[EventCountry "CRO"]
[EventCategory "11"]
[SourceTitle "CBM 111"]
[Source "ChessBase"]
[SourceDate "2006.04.04"]
[SourceVersion "1"]
[SourceVersionDate "2006.04.04"]
[SourceQuality "1"]

1. d4 e6 2. c4 d5 3. Nc3 Bb4 4. Nf3 Nf6 {Mit Zugumstellung ist die Ragozin
Variante im Damengambit erreicht.} 5. Qa4+ Nc6 6. e3 Bd7 7. Qc2 O-O 8. Bd2 {
Mit Zugumstellung ist die Variante 6.e3 0-0 7.Bd2 Bd7 8.Qc2 erreicht.} a6 (8...
Re8 9. Be2 Bd6 (9... a6 10. a3 Bd6 11. c5 (11. O-O dxc4 12. Bxc4 $14) 11... Bf8
12. b4 e5 13. h3 (13. dxe5 Nxe5 14. Nxe5 Rxe5 15. O-O $14) 13... g6 14. O-O Bf5
15. Qb2 (15. Qb3 $5) 15... exd4 (15... e4 16. Nh2 $14) 16. exd4 Ne4 17. Be3 {
0-1 Dobrov,V-Bagirov,R/Moscow 2003/EXT 2004 (48)}) 10. O-O h6 11. e4 dxe4 12.
Nxe4 Nxe4 13. Qxe4 e5 $5 14. d5 Nd4 15. Nxd4 exd4 16. Qf3 Qh4 17. g3 Qh3 18.
Rfe1 c5 19. Bd3 {1/2-1/2 Dobrov,V-Aleksandrov,A/chessassistantclub.com INT
2004/(35)}) (8... Qe7 9. a3 Bxc3 10. Bxc3 h6 11. b4 a6 12. Bd3 {1-0 Kempinski,
R-Kosyrev,V/Bank Zachodni Open, Swidnica POL 1999 (49)}) 9. a3 (9. Bd3 dxc4 10.
Bxc4 Bd6 11. a3 e5 12. d5 Ne7 13. h3 b5 14. Ba2 a5 15. e4 b4 16. Ne2 h6 17. O-O
Ng6 18. a4 Nh5 19. Kh2 Qf6 {0-1 Georgiev,V-Mitkov,N/Connecticut 2004/(40)})
9... Bd6 {Mit diesem Zug bereitet Schwarz 10...dxc4 und 11...e5 vor, aber der
große Nachteil des Zuges besteht im Zeitgewinn von Weiß am Damenflügel.} (9...
Be7 10. Rd1 dxc4 11. Bxc4 Bd6 12. Ne2 Qe7 13. Ng3 b5 14. Bd3 g6 {1/2-1/2
Damljanovic,B-Rodriguez,O/Lanzarote 2003/(14)}) 10. c5 Be7 11. b4 $14 {[%csl
Ga3,Gb4,Gc5,Gd4][%mdl 4] Weiß besitzt eine aktive Bauernkette und Raumvorteil
am Damenflügel.} Na7 12. a4 b6 13. Na2 b5 14. a5 {Der Damenflügel ist
geschlossen; nun möchte Weiß die Stellung am Königsflügel öffnen.} Ne4 15. Nc1
Nc6 (15... Nxd2 16. Qxd2 $14 {In solchen geschlossene Stellungen sind die
Springer wertvoller, als die Läufer.}) 16. Nd3 Be8 17. O-O-O f5 18. Be1 Bf6 19.
Nfe5 {[%cal Gf2f3] Weiß kann nun 20.f3 spielen, wonach der e4N vertrieben wird.
} Ng5 20. f3 Nf7 (20... Bxe5 21. dxe5 Nf7 22. Bc3 $14) 21. Bc3 Nfxe5 {Früher
oder später muss Schwarz den e5-Springer tauschen, aber in diesem Fall wird
der weiße Raumvorteil noch größer.} (21... Kh8 22. Nf4 Qc8 23. Ned3 $14) 22.
dxe5 Bg5 23. f4 Be7 24. Be2 Bg6 25. Bf3 Qe8 26. Qe2 Kh8 27. h3 Rd8 {[%cal
Yd5d4]} 28. Bd4 $1 Nxd4 (28... Nb8 $5 {[%cal Gc7c6]}) 29. exd4 c6 30. Rhg1 {
[%cal Yg2g4]} Rd7 31. Rdf1 Bd8 32. Kd2 h6 33. g3 Bh7 34. Kc3 {[%csl Gc3] Der
König steht ideal auf c3; Weiß bereitet nun g3-g4 vor.} Rdf7 35. Rg2 Qe7 36. h4
$1 {[%cal Gh4h5] Weiß möchte zuerst mit 37.h5 Raum gewinnen und später g3-g4
ziehen.} (36. g4 fxg4) (36. Bh5 g6 37. Bf3) 36... Qd7 (36... g6 37. g4 $16 Qxh4
$2 38. gxf5 gxf5 39. Rh2 $18) 37. h5 Be7 38. Rh2 Ra8 39. Rfh1 Re8 40. Qf2 Bd8
41. Nc1 {Auf diese Weise verbessert Weiß seine Springerstellung.} Ref8 42. Ne2
Qe8 43. Qg2 (43. g4 fxg4 44. Bxg4 Be4) 43... Qd7 44. Qh3 Re8 45. Rf1 Ref8 46.
Kd2 {[%cal Ge2c3,Gc3d1,Gd1e3] Der König macht Platz für den Springer.} Qe8 47.
Nc3 Qe7 48. Nd1 Qe8 49. Ne3 {[%csl Ge3] Mit 41.Nc1 beginnt Weiß seine
Springerstellung zu verbessern und nun steht der Springer auf e3 ideal.} Qe7
50. Rhf2 Re8 51. Be2 {[%cal Ge2d3,Gd3h7] Der Läufer zielt nach d3, um den
schwarzen Läufer im Falle von g3-g4 zu neutralisieren.} Ref8 52. Bd3 Kg8 53.
Rf3 Kh8 54. Ke2 Kg8 55. g4 {Nach einiger Vorbereitung spielt Weiß diese
geplante Fortsetzung.} Kh8 (55... fxg4 56. Bxh7+ Kxh7 57. Qxg4 $18 {[%cal
Gf4f5]}) 56. gxf5 exf5 57. Rg1 Qh4 (57... Kg8 58. Rg6 $18 {[%csl Rf5,Gg6]}) 58.
Qxh4 Bxh4 59. Rh3 Bd8 60. Rhg3 Rc7 (60... Bh4 61. Rg6 $18) 61. Kf3 (61. Rg6)
61... Bh4 62. R3g2 (62. Rg6 $1) 62... Kg8 63. Bc2 Kh8 64. Bb3 Rd8 65. Ke2 Rf8
66. Kf3 Rd8 67. Rh2 Be7 68. Bc2 {Weiß muss sich nicht beeilen, denn Schwarz
besitzt kein Gegenspiel.} Rf8 69. Rhg2 Bh4 70. Rg6 $1 {[%csl Rf5][%mdl 512]
Mit diesem Qualitätsopfer gewinnt Weiß die Partie.} Bxg6 71. hxg6 $18 {[%csl
Gg6] In folgendem gewinnt Weiß den f5-Bauern und (mit seiner starke
Bauernkette) die Partie.} Kg8 72. Nxf5 Bd8 73. Ke3 Rd7 74. Rh1 Bc7 75. Nd6 Rdd8
(75... Bxd6 76. cxd6 $18) 76. Bd1 Rd7 77. Bg4 Re7 78. Rf1 Rd8 79. Kd3 (79. f5
Bxd6 80. cxd6 Rxd6 81. Rc1 $18) 79... Rf8 80. Bc8 (80. f5 $18) 80... Bxd6 81.
cxd6 Rxc8 82. dxe7 Re8 83. Rc1 1-0

[Event "Bundesliga 0506"]
[Site "Germany"]
[Date "2006.01.29"]
[Round "9.2"]
[White "Nikolic, Predrag"]
[Black "Bokros, Albert"]
[Result "1-0"]
[WhiteElo "2584"]
[BlackElo "2446"]
[Annotator "Ribli,Z"]
[PlyCount "75"]
[EventDate "2005.10.21"]
[EventType "team-tourn"]
[EventRounds "15"]
[EventCountry "GER"]
[SourceTitle "CBM 111"]
[Source "ChessBase"]
[SourceDate "2006.04.04"]
[SourceVersion "1"]
[SourceVersionDate "2006.04.04"]
[SourceQuality "1"]
[WhiteTeam "Solingen"]
[BlackTeam "Kirchheim"]
[WhiteTeamCountry "GER"]
[BlackTeamCountry "GER"]

1. d4 Nf6 2. c4 e6 3. Nf3 d5 4. Nc3 Bb4 5. Bg5 {Das ist neben 5.cxd5 exd5 6.
Bg5 die Hauptvariante.} (5. cxd5 exd5 6. Bg5 h6 7. Bxf6 Qxf6 8. Qb3 Nc6 (8...
c5 $5) 9. e3 (9. Qxd5 $5) 9... O-O 10. Qxd5 Be6 11. Qb5 Qg6 $6 (11... a6 $1 12.
Qxb7 (12. Qa4 Qg6 $132) 12... Bd5 $132 {[%csl Rb7]}) 12. O-O-O $6 (12. Qd3 Bf5
13. Qd2 Be4 14. a3 Bxc3 15. Qxc3 $16) 12... Bxc3 13. bxc3 Bxa2 $13 {1-0
Horvath,J-Bokros,A/Budapest 2001/CBM 87/[Ribli] (29)}) 5... h6 {Schwarz kann
mit 5...dxc4 die Wiener Variante wählen.} (5... Nbd7 6. Qa4 $5 Bxc3+ (6... c5
7. cxd5 exd5 8. dxc5 Bxc3+ 9. bxc3 O-O 10. Qb4 h6 11. Be3 Ne4 12. Rd1 a5 13.
Qa3 Qe7 14. Rxd5 b6 15. Bc1 Bb7 16. c6 Qxa3 17. Bxa3 Bxc6 18. Rd4 Rfc8 {
1/2-1/2 Nikolic,P-Kramnik,V/Monte Carlo 1997/EXP 57 (57)}) 7. bxc3 h6 8. Bxf6
Qxf6 9. e3 O-O 10. cxd5 exd5 11. Qb3 Qd6 12. c4 dxc4 13. Bxc4 Nb6 14. Be2 Be6
15. Qb2 c5 16. O-O Rfc8 {1/2-1/2 Nikolic,P-Milov,V/Bastia FRA 2005 (27)}) 6.
Bxf6 Qxf6 7. e3 O-O 8. Rc1 (8. Qb3 c5 9. cxd5 exd5 10. a3 (10. dxc5 Bxc3+ 11.
bxc3 Be6 12. Nd4 Nd7 13. Qxb7 Nxc5 14. Qb2 Qg5 15. Qc2 Rac8 16. h4 Qe7 17. Bd3
Bd7 18. Rc1 Rc7 19. g3 Ne4 $44 {1/2-1/2 Nikolic,P-Kacheishvili,G/Ohrid 2001 
(19)}) 10... Bxc3+ 11. Qxc3 cxd4 12. Qxd4 Qxd4 13. Nxd4 Nc6 14. Rd1 Be6 15. Bb5
Nxd4 16. Rxd4 Rac8 17. Kd2 Rc5 {1/2-1/2 Zaja,I-Bokros,A/Porto San Giorgio 2004/
CBM 101 ext (41)}) 8... c5 $6 {Dieser Zug gefällt mir nicht, zuerst muss
Schwarz auf c4 nehmen.} (8... dxc4 9. Bxc4 c5 10. O-O cxd4 11. exd4 Bxc3 $5 (
11... Rd8 $5) 12. Rxc3 Nc6 13. Bb5 Bd7 14. Ne5 Rad8 {1/2-1/2 Khenkin,I-Izoria,
Z/Belfort 2004/ (14)}) 9. cxd5 cxd4 (9... exd5 10. dxc5 (10. Be2 Nc6 11. dxc5
Be6 12. O-O Bxc5 13. Nxd5 $16 {1-0 Pehlgrim,A-Franssen,M/playchess.com 2004/
EXT 2005 (20)}) 10... Rd8 11. a3 (11. Qd4 $5 {1-0 Prakash,G-Mitkov,N/Mamaia
1991/EXP 25 (40)}) 11... Bxc5 $2 (11... Bxc3+ $5 12. Rxc3 Nc6) 12. Nxd5 Qd6 13.
Rxc5 Qxc5 14. Nf6+ $18 {1/2-1/2 Mellegers,J-Ellenbroek,T/Dieren NED 2002/(21)})
10. Qxd4 $5 {[%mdl 4] Der Damentausch ist eine gute Idee von Weiß, denn er
führt zu einem aussichtsreichen Endspiel.} Qxd4 11. Nxd4 exd5 12. a3 Bxc3+ 13.
Rxc3 $14 {[%csl Gd4,Rd5][%cal Gc3c8] Das ist eine ideale Stellung für Weiß:
der d5P ist eine ewige Schwäche in der schwarzen Stellung und der d4N steht
ausgezeichnet, blockiert den Bauern e5. Darüber hinaus steht der c3R aktiv und
es ist nicht leicht für Schwarz, seinen Damenflügel zu entwickeln.} Nd7 14. Kd2
{Ohne Damen auf dem Brett steht der weiße König sicher im Zentrum.} Nf6 15. f3
{Mit diesem Zug festigt Weiß seine Stellung.} Bd7 16. Bb5 $1 $16 {Weiß tauscht
den Läufer und nach Vereinfachungen verbessert er seine positionelles Spiel .}
(16. Bd3 Rac8 17. Rhc1 a6 (17... Rxc3 18. Rxc3 Rc8 19. Rxc8+ Bxc8 20. Nb5 $18 {
[%cal Gb5d6,Gd6c8,Gd6b7,Rb5a7]}) 18. Rc7 Rxc7 19. Rxc7 Rb8 $16) 16... Bxb5 (
16... Rfc8 17. Rhc1 $16) 17. Nxb5 Rfd8 (17... a6 18. Nd6 $16 (18. Nd4 $16)) 18.
Rhc1 a6 (18... Rd7 19. Rc8+ Rxc8 20. Rxc8+ Kh7 21. Nxa7 $18) 19. Nd4 g6 {
Schwarz verteidigt seine Stellung gegen die Möglichkeit Nf5.} 20. Rc7 {[%csl
Gc7]} Rab8 21. g4 $1 {Stufenweise verbessert Weiß seine Stellung. Schwarz kann
nichts machen als warten.} Kf8 22. h4 {[%cal Gg4g5] Weiß will den Springer vom
Feld f6 vertreiben.} h5 23. g5 Ne8 24. R7c5 Ke7 25. Kd3 Rd7 26. f4 {[%cal
Gf4f5]} Ng7 (26... Kd6 27. f5 $16) 27. Rc8 Rxc8 (27... Rd8 28. R1c7+ $18) 28.
Rxc8 {[%mdl 4096]} Ne6 $6 (28... Rd8 29. Rxd8 (29. Rc3 $16) 29... Kxd8 30. e4
dxe4+ 31. Kxe4 Ke7 32. Ke5 Ne6 33. f5 (33. Nxe6 fxe6) 33... Nc5 (33... Nxd4 34.
Kxd4 $18) 34. Kd5 $16) 29. f5 Rc7 (29... Nxd4 30. Kxd4 gxf5 31. Rh8) 30. Rxc7+
Nxc7 31. Ne2 {[%cal Ge2f4,Gf4g6,Gf4d5,Gf4h5]} f6 32. Nf4 fxg5 33. hxg5 gxf5 34.
Nxh5 $18 {[%csl Gg5]} Ne6 35. g6 Kf8 36. Nf4 Nc5+ (36... Nxf4+ 37. exf4 Kg7 38.
Kd4 Kxg6 39. Kxd5 Kh5 40. Ke6 Kg4 41. Ke5 $18) 37. Kd4 Na4 38. b3 1-0

[Event "RUS-ch51"]
[Site "St Petersburg"]
[Date "1998.07.31"]
[Round "4"]
[White "Popov, Valerij"]
[Black "Ibragimov, Ildar"]
[Result "0-1"]
[WhiteElo "2520"]
[BlackElo "2610"]
[Annotator "Ribli,Z"]
[PlyCount "66"]
[EventDate "1998.07.28"]
[EventType "swiss"]
[EventRounds "11"]
[EventCountry "RUS"]
[SourceTitle "CBM 067"]
[Source "ChessBase"]
[SourceDate "1998.11.30"]
[SourceVersion "2"]
[SourceVersionDate "1998.11.01"]
[SourceQuality "1"]

1. d4 Nf6 2. c4 e6 3. Nf3 d5 4. Nc3 Bb4 5. Bg5 h6 (5... dxc4 6. Qa4+ Nc6 7. a3
Bxc3+ 8. bxc3 Qd5 9. Bf4 Bd7 10. Qc2 Qe4 11. Qc1 Na5 12. Bxc7 Nb3 13. Nd2 Qc6
14. Nxb3 cxb3 15. Bf4 a5 16. Qb2 a4 {0-1 Ftacnik,L-Lerner,K/Stary Smokovec
1977 (49)}) 6. Bh4 {Eine selten gespielte Fortsetzung. Der Textzug führt zu
scharfem und kompliziertem Spiel, während Weiß nach 6.Bxf6 eine bequeme
Stellung mit etwas besseren Aussichten hat. Ribli.} (6. Bxf6 Qxf6 7. e3 O-O 8.
Rc1 $14) 6... dxc4 {Weiß kann den Bauern nicht zurückgewinnen und strebt nach
einer starken Zentrumsstellung.} (6... g5 $5 7. Bg3 Ne4 8. Qc2 h5 {[%csl Ge4,
Rg3]} 9. h4 Nxg3 10. fxg3 g4 11. Ne5 $13) 7. Qa4+ (7. Qc2 b5 8. a4 c6 9. e4
Nbd7 10. Be2 Bb7 11. O-O a6 12. b3 g5 13. Bg3 cxb3 14. Qxb3 Bxc3 15. Qxc3 Nxe4
$17) (7. a4 c6 8. Qc2 b5 9. Bxf6 Qxf6 $1 10. axb5 cxb5 11. Qe4 {[%cal Re4a8]}
Qf5 $1 {Das ist ein sehr unerwartetes Motiv.} 12. Qxa8 Qc2 $17 {[%csl Gc2,Re1]}
) 7... Nc6 8. a3 Bxc3+ 9. bxc3 Qd5 {[%csl Gd5]} (9... O-O $6 10. Qxc4 $14 {
Weiß besitzt das Läuferpaar und Zentrumsübergewicht, während der schwarze
Springer im Zentrum unglücklich steht.}) 10. Nd2 {[%cal Re2e4]} (10. Bxf6 gxf6
11. Nd2 (11. Qc2 f5 (11... b5 12. a4 $16) 12. g3 b6 13. Bg2 Bb7 14. O-O O-O-O
15. a4 Na5 16. Rfe1 c5 17. e4 fxe4 18. Ne5 f5 $17 {0-1 Guimard,C-Pachman,L/Mar
del Plata 1962 (42)}) (11. e3 b5 12. Qc2 Bb7) 11... b5 12. Qd1 (12. Qc2 Rb8)
12... Rb8 13. e4 Qd6 14. a4 a6 15. axb5 axb5 16. Rb1 Rb6 (16... Rg8 17. Qf3 e5
18. d5 Na5) 17. Qh5 e5 {0-1 Gurevich,M-Bareev,E/Elista 1998 (95)}) 10... b5 (
10... Ne4 11. Nxe4 Qxe4 12. Bg3 Bd7 13. f3 Qg6 14. Qxc4 Qc2 15. Qd3 Qxd3 16.
exd3 O-O-O 17. Be2 $14 {1-0 Grand Zuniga,J-Mitkov,N/Ponferrada 1997 (42)}) 11.
Qc2 Bb7 {[#]} (11... O-O 12. e4 Qh5 13. Bxf6 gxf6 14. a4 $44) 12. e4 (12. Bxf6
gxf6 13. e4 Qd7 (13... Nxd4 $2 14. cxd4 Qxd4 15. Rb1 $14 {[%cal Rb1b7]}) 14. a4
a6 15. Be2 $44) {[#]} 12... Nxd4 $13 {Ein unerwartetes Springeropfer. Schwarz
bekommt drei Bauern und eine feste Stellung, aber die scheinbar gefährlichen
Bauern am Damenflügel sind wenig wirksam.} (12... Qd7 13. Rb1 $13 (13. a4 b4
$15)) 13. cxd4 Nxe4 (13... Qxd4 14. Rb1 $14 {[%cal Rb1b7]}) 14. Qxe4 Qxe4+ 15.
Nxe4 Bxe4 16. f3 {Schwarz besitzt noch alle Bauern, aber seine Schwäche auf
den schwarzen Felder ist spürbar.} Bd5 17. Be2 Kd7 18. Kd2 (18. Rb1 a6) 18...
Rab8 (18... a5 19. Rhc1 $14) 19. Rhc1 $14 {Dieser Zug nimmt Schwarz alle
Hoffnungen auf das Manöver ...a7-a5 / ...b5-b4, denn der c4-Bauer hängt.
Schwarz hat kein aktives Gegenspiel, aber seine Stellung ist fest.} a6 20. Bg3
{[%csl Gg3][%cal Gg3b8]} f6 21. h4 (21. a4 Rb7 22. axb5 axb5 $14) 21... Rb6 22.
a4 Rhb8 23. Rab1 $5 {Weiß spielt präzise. Mit prophylaktischen Zügen bereitet
er den Königsmarsch zum Damenflügel vor.} (23. axb5 axb5 24. Ra7 R8b7 25. Rxb7
Rxb7 $11 26. h5 (26. Ra1 b4 $132) (26. Kc3 b4+ $36) 26... Ra7 $132) 23... Rg8
24. Rb4 (24. h5 Rgb8 (24... g5 25. hxg6 Rxg6 {[%csl Rg2,Rg3][%cal Rg6g2]}))
24... g5 25. h5 Kc6 26. Ra1 {[%csl Ga1,Gb4,Rc7,Gg3] In einigen Varianten droht
27.axb5 axb5 28.Ra7.} Rb7 27. Kc3 (27. axb5+ axb5 28. Ra6+ Rb6 29. Ra7 Rb7)
27... Kd7 $6 {Mit diesem Zug gibt Schwarz dem Weißen die Möglichkeit, 28.Rb2
und nach Tausch 30.Kb4 zu spielen.} (27... Rgb8 $5) 28. Rb2 Rgb8 {Jetzt droht
schon 29...b4, aber Weiß ist am Zug und kann das Feld b4 mit dem König
erreichen.} 29. axb5 axb5 30. Kb4 {[%csl Gb4,Gg3] Weiß kann auf c5 eindringen
und hat auch schon die offene a-Linie. Schwarz kann nur abwarten.} Rc8 (30...
Kc6 31. Ra6+ Rb6 32. Ra7 R6b7 33. Rba2) 31. Kc5 (31. Rba2 Rcb8 32. Ra7 $14)
31... Rcb8 32. Ra5 (32. Be1 Rb6 33. Kb4) 32... Rb6 (32... b4 $2 33. Bxc4 $16)
33. Be1 $4 {Ein unglaublicher Fehler! Weiß spielte das gesamte Endspiel sehr
genau und macht jetzt in guter Stellung den Verlustzug.} (33. Rbxb5 $1 c3 (
33... Rxb5+ 34. Rxb5 Rxb5+ 35. Kxb5 c3 36. Bd1 $18 (36. Be1 c2 37. Bd2 $16))
34. Ra1 $16 {Schwarz hat nur zwei Bauern für die Figur und sein c-Bauer ist
schwach.}) 33... b4 $19 {Und Weiß gab auf. Gegen das drohende Matt kann er
nichts machen.} (33... b4 34. Bxb4 (34. Rxb4 Rc6#) (34. Bxc4 Rc6#) 34... Rc6#)
0-1